000 00844nam a22002297a 4500
999 _c161407
_d161407
005 20190822122602.0
010 _a1819CHEN B-719831-851
020 _a8188609218
_c300.00
035 _aB-719831-851
035 _aB-728640
037 _bOsprey Publishing
082 _a920
100 _aTiwari,Pankaj
245 _aRaja Rammohun Roy /
_cby Pankaj Tiwari
260 _aDelhi
_bOsprey Publishing
_c2018
270 _aM-72, Punchsheel Garden, Naveen Shahdara
_bDelhi
_e110032
300 _a135p.:
_bill.
_c22cm(Hb)
500 _aAirport
942 _2ddc
_cCH
_h920
_mROY